[Event "FIN-ch 2018"]
[Site "Helsinki"]
[Date "2018.06.14"]
[Round "4"]
[White "Sipila, Vilka"]
[Black "Sammalvuo, Tapani"]
[Result "1/2-1/2"]
[WhiteElo "2383"]
[BlackElo "2435"]
[Annotator "TA"]
[PlyCount "111"]
[EventDate "2018.06.13"]
[EventType "tourn"]
[EventCountry "FIN"]
[SourceTitle "playchess.com"]
[Source "ChessBase"]
[SourceQuality "1"]

{[%evp 29,111,15,31,-38,33,20,31,31,31,31,43,35,38,43,97,85,108,99,194,179,181,166,283,268,329,219,229,234,222,154,164,19,26,28,18,25,99,98,95,0,0,0,0,0,0,0,0,0,0,0,0,0,2,2,2,2,3,0,2,0,0,0,0,0,0,0,0,0,0,0,0,0,0,0,0,0,5,0,0,0,0,0,0,0]} 1. d4 Nf6 2. c4 e6 3. Nc3 Bb4 4. f3 d5 5. a3 Bxc3+ 6. bxc3 c5 7. cxd5 Nxd5 8. dxc5 Qa5 9. e4 Ne7 10. Be3 O-O 11. Qb3 Nec6 12. Bb5 {E25: Nimzoindisch (Sämisch-Variante)} e5 13. Ne2 Qc7 14. O-O Na5 15. Qb4 Be6 {LiveBook: 3 Partien} (15... Na6 16. Bxa6 bxa6 17. Rad1 Be6 18. Rd5 Rfb8 19. Qa4 Bxd5 20. exd5 {½-½ (42) Li,C (2735)-Jakovenko,D (2703) Geneva 2017}) 16. Rad1 (16. Nd4 $14) 16... Nbc6 (16... Bb3 $15) 17. Qb2 $146 ({Vorgänger:} 17. Qb1 Nc4 18. Bxc4 Bxc4 19. Rfe1 f6 {½-½ (39) Gonzalez,A-Clarizza,J Argentina 1993}) 17... Nc4 18. Bxc4 $1 Bxc4 19. Rfe1 Na5 20. Ng3 Nb3 21. Qf2 Be6 (21... g6 $14) 22. Nf5 {Und weiter mit Sxg7! wäre nett.} Bxf5 23. exf5 Rfd8 (23... Rac8 $16) 24. Rb1 $18 Na5 25. f6 $1 gxf6 {[#]} (25... Rd5 $142 26. fxg7 Nc4) 26. f4 $1 Qe7 {[#]} 27. Bd4 $1 {[%cal Rf4e5][%mdl 512]} Nc6 (27... exd4 28. Rxe7) 28. fxe5 fxe5 29. Qg3+ Kf8 30. Bxe5 ({Besser ist} 30. Be3 $18) 30... Qxc5+ $11 31. Kh1 {Droht Matt per Lg7+.} Nxe5 32. Rxe5 ({Ein No Go ist} 32. Qxe5 Qxe5 33. Rxe5 Rac8 $15) 32... Qd6 (32... Rd5 $11 33. Ree1 b5) 33. Rbe1 $16 {Und Te8+! würde nun gewinnen.} Rd7 34. h4 ({Günstiger ist} 34. Qh4 $16) 34... Re7 $11 {Die Stellung ist ausgeglichen.} 35. Kh2 Rxe5 36. Rxe5 {[%mdl 4096] Endspiel Schwarz muss nun Te8+! beachten. KDT-KDT} Rd8 37. Qf4 Rd7 38. Kg3 f6 39. Rf5 Qxf4+ 40. Kxf4 {KT-KT} Ke7 41. Rc5 Ke6 42. g4 h6 43. a4 Rd6 44. Ke4 Rd1 45. a5 Rg1 46. Kf4 Rf1+ 47. Ke4 Rg1 48. Kf3 Ra1 49. Kf2 Ra4 50. Kg3 Ra3 51. Kf4 Ra4+ 52. Kf3 Ra3 53. Rc7 Rxa5 54. Rxb7 Rc5 55. Rxa7 Rxc3+ 56. Ke4 {Precision: Weiß = 71%, Schwarz = 52%.} 1/2-1/2

[Event "FIN-ch 2018"]
[Site "Helsinki"]
[Date "2018.06.14"]
[Round "4"]
[White "Luukkonen, Tommi"]
[Black "Agopov, Mikael"]
[Result "1/2-1/2"]
[WhiteElo "2349"]
[BlackElo "2436"]
[Annotator "TA"]
[PlyCount "139"]
[EventDate "2018.06.13"]
[EventType "tourn"]
[EventCountry "FIN"]
[SourceTitle "playchess.com"]
[Source "ChessBase"]
[SourceQuality "1"]

{[%evp 15,139,50,38,35,50,29,91,-26,-26,-41,11,0,26,6,85,3,9,9,18,-33,7,4,2,12,20,0,0,0,0,-22,-24,-37,-42,-43,-22,-42,-42,-42,0,-26,-27,-32,-26,-41,-38,-46,-47,-83,-61,-166,-143,-439,-439,-402,-309,-550,-542,-499,-272,-443,-424,-398,-125,-118,-117,-126,-94,-94,-94,-94,-92,-93,-80,-89,-89,-101,-59,-75,-59,-60,-59,-59,-42,-60,-24,-44,-44,-82,-83,-74,-29,-74,-74,-74,-74,-74,-74,-74,-74,-74,-74,-74,-74,-74,-74,-74,-74,-94,-27,-94,-74,-74,-74,-74,-74,-94,-94,-94,-94,-94,-94,-94,-94,-94,-94,-94]} 1. d4 Nf6 2. c4 e6 3. Nf3 b6 4. g3 Ba6 5. Qc2 d5 6. cxd5 {E15: Queen's Indian: 4 g3 sidelines, 4 g3 Ba6 and 4 g3 Bb7 early deviations} exd5 7. Bg2 (7. Nc3 Be7 8. Bg2 O-O 9. O-O Bb7 10. Bf4 Na6 11. a3 c5 12. Rfd1 Qc8 13. Be5 Ne4 14. dxc5 Bxc5 {1-0 (35) Sarana,A (2588)-Vavulin,M (2570) Loo 2018}) 7... Be7 8. O-O O-O {LiveBook: 5 Games} 9. Rd1 Re8 $146 ({Predecessor:} 9... Nbd7 10. Ne5 Bb7 11. Nc6 Bxc6 12. Qxc6 Rc8 13. Bh3 Qe8 14. Nc3 Nb8 15. Qb7 Rd8 16. Qxc7 Nc6 17. Nb5 Ra8 18. Bf4 a6 19. Nd6 Bxd6 20. Bxd6 {1-0 (20) Safarian,A (1964)-Charles,G (1931) Canberra 2001}) 10. Ne5 c5 (10... Bb7 $11) 11. dxc5 (11. Nc3 $16) 11... Bxc5 $11 12. Nd3 Nbd7 (12... Nc6 $15 13. e3 Qc8) 13. Nc3 Qc8 14. Nxc5 Nxc5 (14... Qxc5 $11 {keeps the balance.} 15. e3 Ne5) 15. Be3 (15. Bg5 $1 $16 {[%cal Rg5f6] Strongly threatening Bxf6.} Nfe4 16. Be3 (16. Rxd5 Nxc3 17. Qxc3 Bb7 $14)) 15... Nce4 16. Bd4 Nxc3 17. bxc3 (17. Qxc3 $11 Qxc3 18. Bxc3) 17... Ne4 18. a4 Bc4 19. e3 Qe6 20. a5 bxa5 21. Rxa5 a6 22. f3 Nd6 23. e4 dxe4 24. Re5 Qh6 25. fxe4 Rxe5 26. Bxe5 Qe3+ (26... Nb5 $5 {[%cal Rh6e6]} 27. Bd4 Qe6 $11) 27. Kh1 Nb5 28. Bf4 Qb6 29. Qd2 h6 30. e5 Rc8 31. Be4 Bb3 $36 {[%mdl 2048] Black has good play.} 32. Qd7 ({Better is} 32. Ra1 $15) 32... Be6 $19 33. Qd3 $2 {[%mdl 8192]} (33. Qb7 $17 Qc5 34. Be3) 33... Nxc3 34. Be3 Qb8 35. Bh7+ $2 (35. Rc1 Nxe4 36. Qxe4) 35... Kh8 36. Re1 Qxe5 (36... Qb7+ $142 37. Kg1 Bh3) 37. Kg1 $2 (37. Bd2 Qc5 38. Bxc3 Qxc3 39. Qxc3 Rxc3 40. Be4) 37... Bc4 38. Qf5 Re8 $2 (38... Qe8 $19 {and Black stays clearly on top. ...Rc6 is the strong threat.} 39. h4 Ne2+ 40. Kf2 g6 41. Bxg6 fxg6) 39. Qxe5 $17 Rxe5 40. Bc2 Re8 41. Bd2 {[%cal Re1e8]} Rxe1+ 42. Bxe1 {[%mdl 4096] Endgame KBB-KBN} Nb5 43. Kf2 g6 44. Ke3 Kg7 45. Bb4 f5 46. Ba4 g5 47. h4 Kg6 48. Bc2 Be6 49. Bd3 Bc8 50. Be7 Nc7 51. Kd4 Kf7 52. Bb4 Kf6 53. Bc3 gxh4 54. gxh4 {[#]} Nb5+ $1 55. Bxb5 axb5 {KB-KB} 56. Kc5+ Ke6 57. Bd2 h5 {White must now prevent ...Ke5.} 58. Bf4 {[#]} b4 $1 {And now ...b3 would win.} 59. Kxb4 {[#]} Kd5 $1 60. Kc3 Ke4 61. Bg5 Kf3 (61... f4 $17 62. Kd2 Kf3) 62. Kd2 (62. Kd4 $11) 62... Ba6 {Black is better.} 63. Ke1 Kg3 64. Bf6 Bb5 65. Bg5 f4 {[%cal Bf5f4,Bf4f3][%mdl 32]} 66. Bf6 f3 {( -> ...f2+)} 67. Be5+ Kxh4 68. Kf2 Kg4 69. Bh2 h4 70. Be5 {Precision: White = 38%, Black = 58%.} 1/2-1/2

[Event "FIN-ch 2018"]
[Site "Helsinki"]
[Date "2018.06.14"]
[Round "4"]
[White "Koykka, Pekka"]
[Black "Karttunen, Mika"]
[Result "1-0"]
[WhiteElo "2345"]
[BlackElo "2466"]
[Annotator "TA"]
[PlyCount "103"]
[EventDate "2018.06.13"]
[EventType "tourn"]
[EventCountry "FIN"]
[SourceTitle "playchess.com"]
[Source "ChessBase"]
[SourceQuality "1"]

{[%evp 22,103,0,0,22,23,18,16,16,25,46,46,106,106,108,93,115,0,0,0,61,32,43,15,18,0,0,-16,-11,-18,0,0,89,89,111,95,89,65,114,102,96,0,128,0,85,0,114,0,102,87,145,124,213,201,949,947,947,931,906,894,839,820,803,756,919,874,770,603,673,671,664,669,616,581,781,782,766,733,945,896,1111,1089,949,928]} 1. e4 {[%cal Be2e4,Be4e5][%mdl 32]} e5 2. Nf3 Nc6 3. d4 exd4 4. Nxd4 Nf6 5. Nxc6 bxc6 6. e5 Qe7 7. Qe2 Nd5 8. c4 Nb6 9. Nd2 Qe6 10. b3 a5 11. Bb2 {C45: Scotch Game} a4 12. Qe3 {LiveBook: 20 Games} axb3 (12... Bb4 13. Bd3 d6 14. O-O-O axb3 15. axb3 Ba3 16. exd6 Qxe3 17. fxe3 cxd6 18. Bxa3 Rxa3 {½-½ (70) Yu,Y (2675)-Moradiabadi,E (2586) Tabriz 2014}) 13. axb3 {Hoping for Rxa8.The position is equal.} Rxa1+ 14. Bxa1 Bb4 15. Bd3 O-O 16. O-O {aiming for Ne4.} f5 $146 {[#]} (16... d5 $14) ({Predecessor:} 16... d5 17. Nf3 h6 18. Nd4 Qe8 {1-0 (30) Rendi,E (2133)-Stefan,E (1876) Tusnad 2004}) 17. Nf3 $1 $16 c5 18. Ng5 Qe7 19. f4 (19. Qg3 $16) 19... h6 20. Nf3 {[%cal Bg5f3,Bf3e1,Be1c2,Bc2e3][%mdl 32]} Bb7 (20... d5 $11) 21. Qf2 Qe6 22. Qc2 Nc8 23. Qf2 Ne7 24. Ne1 Ra8 25. Bb2 Ba5 26. Nc2 Bb6 (26... Qb6 $11 {remains equal.} 27. Qh4 Re8) 27. Ne3 Rf8 28. Rd1 Kh8 29. Qd2 Ng6 30. Rf1 Ne7 31. Rd1 Ng6 $1 32. Rf1 Ne7 $1 33. Rd1 Ng6 $1 34. Qf2 Ne7 $1 35. Qg3 Ra8 (35... Ba5 $142) 36. Bb1 Rf8 {[#]} (36... Rg8 $16) 37. Rxd7 $1 $18 Bc6 $2 (37... Qxd7 38. e6 Qd4 39. Bxd4 cxd4) 38. Nxf5 {White is clearly winning.} Rxf5 39. Rxe7 Qxe7 40. Bxf5 {White threatens Qg6 and mate.} Be8 41. Bc3 c6 42. Bc2 Bf7 43. Qd3 {[%csl Gc2][%cal Rd3h7]} Bg8 44. Qg6 Bc7 45. g3 {White wants to mate with e6!} Qe6 46. Qxe6 Bxe6 {[%mdl 4096] Endgame KBB-KBB} 47. Be4 Bg4 48. Bxc6 Kg8 49. Kg2 Bd1 50. Bd5+ Kf8 51. b4 Bb6 52. Be1 {Precision: White = 60%, Black = 44%.} 1-0

[Event "FIN-ch 2018"]
[Site "Helsinki"]
[Date "2018.06.14"]
[Round "4"]
[White "Keinanen, Toivo"]
[Black "Jarvenpaa, Jari"]
[Result "1-0"]
[WhiteElo "2341"]
[BlackElo "2310"]
[Annotator "NA"]
[PlyCount "133"]
[EventDate "2018.06.13"]
[EventType "tourn"]
[EventCountry "FIN"]
[SourceTitle "playchess.com"]
[Source "ChessBase"]
[SourceQuality "1"]
[TimeControl "40/5400+30:1800+30"]

1. d4 {[%emt 0:00:00]} e6 {[%emt 0:00:16]} 2. e4 {[%emt 0:00:00]} d5 {[%emt 0:00:08]} 3. Nd2 {[%emt 0:00:01]} dxe4 {[%emt 0:00:10]} 4. Nxe4 {[%emt 0:00:07]} Nd7 {[%emt 0:00:08]} 5. g3 {[%emt 0:03:04]} Ngf6 {[%emt 0:02:30]} 6. Nxf6+ {[%emt 0:01:00]} Nxf6 {[%emt 0:00:40]} 7. Nf3 {[%emt 0:03:16]} c5 {[%emt 0:06:02]} 8. Bg2 {[%emt 0:03:31]} cxd4 {[%emt 0:03:21] C10: Französische Verteidigung (Rubinstein-Variante)} 9. Qxd4 {[%emt 0:02:57]} Qxd4 {[%emt 0:05:50]} 10. Nxd4 {[%emt 0:00:04]} Bc5 {[%emt 0:09:42]} 11. Nb3 {[%emt 0:13:13]} Bd6 {[%emt 0:03:42]} 12. O-O {[%emt 0:12:58]} Ke7 {[%emt 0:13:02]} 13. Na5 {[%emt 0:03:07]} Rb8 {[%emt 0:24:05] [#]} 14. Nc4 $146 {[%emt 0:03:27]} ({Vorgänger:} 14. Be3 Bc7 15. Bxa7 Ra8 16. Bc5+ {1-0 (29) Palac,M (2589)-Neubauer,M (2304) Baden 1999}) 14... Bc7 $1 {[%emt 0:02:40]} 15. b3 {[%emt 0:00:13]} b5 {[%emt 0:01:18]} 16. Ba3+ {[%emt 0:04:15]} b4 {[%emt 0:00:20]} 17. Bb2 {[%emt 0:00:01]} Ba6 {[%emt 0:02:29]} 18. a3 {[%emt 0:04:32]} Bxc4 {[%emt 0:00:24]} 19. bxc4 {[%emt 0:00:33]} b3 {[%emt 0:03:48]} 20. Bd4 {[%emt 0:05:07]} bxc2 {[%emt 0:05:08]} 21. Bxa7 {[%emt 0:02:15]} Rb3 {[%emt 0:03:13]} 22. Rfc1 {[%emt 0:01:57]} Rc8 {[%emt 0:05:40]} 23. Rxc2 $11 {[%emt 0:09:43]} Be5 {[%emt 0:00:07]} 24. Raa2 {[%emt 0:00:38]} Rb1+ {[%emt 0:01:09]} 25. Bf1 {[%emt 0:00:39]} Rc7 {[%emt 0:02:54]} 26. Be3 {[%emt 0:01:31]} Ng4 {[%emt 0:00:37]} 27. Bd2 {[%emt 0:02:18]} Nxh2 {[%emt 0:03:29]} 28. Kxh2 {[%emt 0:01:10]} Rxf1 {[%emt 0:00:06]} 29. Be3 {[%emt 0:03:43]} Rd1 {[%emt 0:00:54]} 30. Bb6 {[%emt 0:04:32]} Rc6 {[%emt 0:00:28]} 31. c5 {[%emt 0:00:00]} Bd4 {[%emt 0:00:46]} 32. a4 {[%emt 0:01:35]} Kd7 {[%emt 0:00:49]} 33. a5 {[%emt 0:01:36]} Rc8 {[%emt 0:00:01]} 34. c6+ {[%emt 0:06:17]} Rxc6 {[%emt 0:00:26]} 35. Rxc6 {[%emt 0:00:54]} Kxc6 {[%emt 0:00:09]} 36. Rc2+ {[%emt 0:00:01]} Kb5 {[%emt 0:00:49]} 37. Rc7 {[%emt 0:00:32]} Bxb6 {[%emt 0:00:32]} 38. axb6 {[%emt 0:00:02]} Kxb6 {[%emt 0:00:14]} 39. Rxf7 {[%emt 0:00:03]} Rd5 {[%emt 0:01:04]} 40. Rxg7 {[%emt 0:00:00]} Rh5+ {[%emt 0:00:29]} 41. Kg2 {[%emt 0:02:29]} Kc6 {[%emt 0:05:38]} 42. Kf3 {[%emt 0:04:25]} Rf5+ {[%emt 0:12:46]} 43. Ke3 {[%emt 0:04:36]} Re5+ {[%emt 0:00:12]} 44. Kd4 {[%emt 0:03:46]} Rh5 {[%emt 0:08:26]} 45. Ke4 {[%emt 0:14:10]} Kd6 {[%emt 0:00:27]} 46. f4 {[%emt 0:01:48]} Rh1 {[%emt 0:00:36]} 47. Ra7 {[%emt 0:01:39]} Re1+ {[%emt 0:02:51]} 48. Kf3 {[%emt 0:00:34]} Rh1 {[%emt 0:00:02]} 49. Kg4 {[%emt 0:00:33]} Rh6 {[%emt 0:02:29]} 50. Rg7 {[%emt 0:01:12]} Rh1 {[%emt 0:01:04]} 51. Kg5 {[%emt 0:00:49]} h5 {[%emt 0:01:04]} 52. Kf6 {[%emt 0:03:21]} Rh3 {[%emt 0:00:36]} 53. Rg8 {[%emt 0:00:44]} Kd7 {[%emt 0:00:22]} 54. Ke5 {[%emt 0:01:00]} h4 {[%emt 0:00:39]} 55. Rg7+ {[%emt 0:00:48]} Kd8 {[%emt 0:00:14]} 56. g4 {[%emt 0:01:13]} Re3+ {[%emt 0:00:34]} 57. Kf6 {[%emt 0:00:07]} h3 {[%emt 0:00:35]} 58. Rh7 {[%emt 0:00:25]} Re4 {[%emt 0:00:36]} 59. g5 {[%emt 0:00:53]} Rxf4+ {[%emt 0:00:28]} 60. Kxe6 {[%emt 0:00:04]} Ke8 {[%emt 0:00:39]} 61. Rh8+ {[%emt 0:00:29]} Rf8 {[%emt 0:00:02]} 62. Rxh3 {[%emt 0:00:08]} Rf1 {[%emt 0:00:30]} 63. Rh8+ {[%emt 0:00:30]} Rf8 {[%emt 0:00:02]} 64. Rxf8+ {[%emt 0:01:03]} Kxf8 {[%emt 0:00:00]} 65. Kf6 {[%emt 0:00:15]} Kg8 {[%emt 0:00:09]} 66. Kg6 {[%emt 0:00:06]} Kh8 {[%emt 0:00:14]} 67. Kf7 {[%emt 0:00:55]} 1-0

[Event "FIN-ch 2018"]
[Site "Helsinki"]
[Date "2018.06.14"]
[Round "4"]
[White "Nyysti, Sampsa"]
[Black "Niemi, Kalle"]
[Result "1/2-1/2"]
[WhiteElo "2322"]
[BlackElo "2336"]
[Annotator "NA"]
[PlyCount "45"]
[EventDate "2018.06.13"]
[EventType "tourn"]
[EventCountry "FIN"]
[SourceTitle "playchess.com"]
[Source "ChessBase"]
[SourceQuality "1"]
[TimeControl "40/5400+30:1800+30"]

1. e4 {[%emt 0:00:00]} c5 {[%emt 0:00:06]} 2. Nf3 {[%emt 0:00:07]} Nc6 {[%emt 0:00:08]} 3. Bb5 {[%emt 0:00:07]} d6 {[%emt 0:00:29]} 4. O-O {[%emt 0:01:07]} Bd7 {[%emt 0:00:07]} 5. Re1 {[%emt 0:00:44] LiveBook: 2922 Games} Nf6 {[%emt 0:00:25]} 6. c3 {[%emt 0:02:13]} a6 {[%emt 0:00:13]} 7. Bf1 {[%emt 0:01:17]} Bg4 {[%emt 0:00:32]} 8. h3 {[%emt 0:01:27]} Bxf3 {[%emt 0:00:20]} 9. Qxf3 {[%emt 0:00:07]} e6 {[%emt 0:00:12] B51: Sicilian: Moscow Variation (3 Bb5+) without 3...Bd7} 10. d3 {[%emt 0:00:39]} Be7 {[%emt 0:00:25]} 11. Be3 {[%emt 0:04:34]} O-O {[%emt 0:05:03]} 12. Nd2 {[%emt 0:05:46]} d5 {[%emt 0:01:21]} 13. exd5 {[%emt 0:00:16]} Nxd5 {[%emt 0:01:27] [#]} 14. Nb3 $146 {[%emt 0:04:10]} ({Predecessor:} 14. Rad1 Rc8 15. Nb3 Nxe3 16. Qxe3 Qb6 17. g3 {½-½ (25) Kravtsiv,M (2672)-Andriasian,Z (2585) Riadh 2017}) 14... Nxe3 {[%emt 0:05:00]} 15. Qxe3 {[%emt 0:00:39]} Qd5 {[%emt 0:03:00]} 16. g3 {[%emt 0:01:45]} Rfd8 {[%emt 0:04:49]} 17. Rad1 {[%emt 0:02:36]} Rac8 {[%emt 0:02:43]} 18. Bg2 {[%emt 0:18:34]} Qd6 {[%emt 0:00:34]} 19. Bf3 {[%emt 0:00:15]} b6 {[%emt 0:05:14]} 20. d4 {[%emt 0:09:26]} cxd4 $1 {[%emt 0:00:18]} 21. Nxd4 $11 {[%emt 0:00:02]} Nxd4 {[%emt 0:00:25]} 22. Rxd4 {[%emt 0:00:12]} Qc7 {[%emt 0:01:05]} 23. Kg2 {[%emt 0:09:14]} 1/2-1/2

[Event "FIN-ch 2018"]
[Site "Helsinki"]
[Date "2018.06.14"]
[Round "4"]
[White "Walta, Paivi"]
[Black "Ristoja, Aulikki"]
[Result "1-0"]
[WhiteElo "1634"]
[BlackElo "1565"]
[Annotator "NA"]
[PlyCount "59"]
[EventDate "2018.06.13"]
[EventType "tourn"]
[EventCountry "FIN"]
[SourceTitle "playchess.com"]
[Source "ChessBase"]
[SourceQuality "1"]
[TimeControl "40/5400+30:1800+30"]

1. e4 {[%emt 0:00:00]} d5 {[%emt 0:00:26]} 2. exd5 {[%emt 0:00:00]} Qxd5 {[%emt 0:00:07]} 3. Nc3 {[%emt 0:00:00]} Qa5 {[%emt 0:00:14]} 4. d4 {[%emt 0:00:12]} c6 {[%emt 0:00:39]} 5. Nf3 {[%emt 0:00:28]} Bg4 {[%emt 0:00:26]} 6. h3 {[%emt 0:00:21]} Bxf3 {[%emt 0:00:20] LiveBook: 15 Games} 7. Qxf3 $16 {[%emt 0:00:15]} ({Viel schlechter ist} 7. gxf3 Nd7 $11) 7... e6 {[%emt 0:01:24]} 8. Bc4 Nf6 {[%emt 0:01:27]} 9. O-O {[%emt 0:02:18]} Qc7 {[%emt 0:02:00]} 10. Re1 {[%emt 0:02:48]} Be7 {[%emt 0:02:48]} 11. Bd2 {[%emt 0:04:47]} Nbd7 {[%emt 0:02:01]} 12. Rad1 {[%emt 0:01:59]} h6 {[%emt 0:04:42]} 13. a3 {[%emt 0:01:29]} g5 {[%emt 0:03:38]} 14. b4 {[%emt 0:05:10]} a6 {[%emt 0:01:00]} 15. Ne2 {[%emt 0:00:46]} O-O-O {[%emt 0:03:38]} 16. Bd3 {[%emt 0:01:27]} g4 {[%emt 0:02:24]} 17. hxg4 {[%emt 0:00:18]} Rdg8 {[%emt 0:00:56]} 18. Bf4 {[%emt 0:04:53]} Bd6 {[%emt 0:01:13]} 19. c4 {[%emt 0:00:52]} Rxg4 {[%emt 0:01:17]} 20. Bxd6 {[%emt 0:00:34]} Qxd6 {[%emt 0:00:18]} 21. g3 {[%emt 0:00:43]} Rhg8 {[%emt 0:01:42]} 22. d5 {[%emt 0:06:28]} Ne5 {[%emt 0:02:46]} 23. Qxf6 {[%emt 0:02:07]} Rxg3+ {[%emt 0:01:46]} 24. Nxg3 {[%emt 0:01:07]} Ng4 {[%emt 0:03:57]} 25. Qxf7 {[%emt 0:01:27]} Rg5 {[%emt 0:01:14]} 26. Qxe6+ {[%emt 0:01:11]} Qxe6 {[%emt 0:00:02]} 27. dxe6 {[%emt 0:00:24]} Nf6 {[%emt 0:00:29]} 28. e7 {[%emt 0:00:13]} Rg8 {[%emt 0:00:32]} 29. Bf5+ {[%emt 0:00:25]} Kc7 {[%emt 0:00:09]} 30. Re6 {[%emt 0:01:26]} 1-0

[Event "FIN-ch 2018"]
[Site "Helsinki"]
[Date "2018.06.15"]
[Round "5"]
[White "Karttunen, Mika"]
[Black "Sipila, Vilka"]
[Result "0-1"]
[WhiteElo "2466"]
[BlackElo "2383"]
[Annotator "TA"]
[PlyCount "80"]
[EventDate "2018.06.13"]
[EventType "tourn"]
[EventCountry "FIN"]
[SourceTitle "playchess.com"]
[Source "ChessBase"]
[SourceQuality "1"]

{[%evp 9,79,-18,-16,-20,-25,-22,-20,-39,-32,-33,-35,-65,-12,-12,-12,-12,-12,-12,-12,-25,-20,-32,-12,-39,-42,-56,-12,-11,22,-53,0,-51,-26,-116,-141,-173,-172,-214,0,0,0,0,8,0,14,15,77,70,122,5,31,0,13,21,21,0,0,0,0,0,0,0,0,-177,-45,-99,-89,-29997,-29998,-29998,-29999,-29999]} 1. d4 Nf6 2. Bg5 c5 3. d5 g6 4. Bxf6 exf6 5. c4 Bg7 6. Nc3 {A45: Trompowsky Attack} O-O 7. e3 f5 8. Nge2 $146 {The position is equal.} ({Predecessor:} 8. Qd2 d6 9. Bd3 Nd7 10. Nf3 Nf6 11. O-O Re8 12. Qc2 {½-½ (27) Djordjevic,V (2415)-Popovic,A (2256) Paracin 2016}) 8... d6 9. h4 Nd7 10. Qc2 Ne5 (10... a6 $15) 11. Nf4 $11 Re8 12. Be2 a6 13. a4 Bd7 14. Ra3 h6 15. g3 Rb8 16. Qb3 Ng4 17. Kf1 Be5 18. Kg2 Qf6 19. Qb6 (19. Nd3 $11) 19... Re7 (19... Bxc3 $15 20. bxc3 Qe5) 20. Bf3 (20. a5 $11) 20... Rbe8 $1 $15 21. Nd1 (21. Nd3 $11) 21... g5 $17 22. hxg5 hxg5 23. Nd3 Kg7 $2 ({Black should try} 23... f4 $19 {Strongly threatening ...fxg3.} 24. exf4 gxf4 25. Bxg4 Bxg4 26. Nxf4 Bd4) 24. b4 $11 cxb4 25. Qxb4 Bc8 26. Qd2 Rc7 27. Be2 Qg6 (27... Bd7 $11 {remains equal.}) 28. f3 $16 Nh6 (28... Nf6 $14) 29. f4 (29. Nxe5 $16 Rxe5 30. Nf2) 29... gxf4 $1 $11 30. Nxf4 Bxf4 31. exf4 Ng4 32. Ne3 Rce7 33. Bxg4 fxg4 34. Qd4+ f6 35. Re1 Kf7 {...Bf5 is the strong threat.} 36. Ra2 $2 {[#]} (36. Qd3 $11 {and White stays safe.}) 36... Rh8 (36... Qh7 $1 $19 {[%cal Rh7h3] aiming for ...Qh3+.} 37. Rh1 Qe4+ 38. Qxe4 Rxe4) 37. Rae2 {[#]} (37. Raa1 $15) 37... Qh7 $1 $36 {[%cal Rh7h2][%mdl 2048] ( -> ...Qh2+). White is under strong pressure.} 38. Nf1 $2 {[%mdl 8192]} (38. Rg1 $17) 38... Qh1+ {Black mates.} 39. Kf2 Qf3+ 40. Kg1 Rh1# {Precision: White = 34%, Black = 46%.} 0-1

[Event "FIN-ch 2018"]
[Site "Helsinki"]
[Date "2018.06.15"]
[Round "5"]
[White "Agopov, Mikael"]
[Black "Keinanen, Toivo"]
[Result "1-0"]
[WhiteElo "2436"]
[BlackElo "2341"]
[Annotator "TA"]
[PlyCount "109"]
[EventDate "2018.06.13"]
[EventType "tourn"]
[EventCountry "FIN"]
[SourceTitle "playchess.com"]
[Source "ChessBase"]
[SourceQuality "1"]

{[%evp 23,108,24,54,22,8,4,49,51,58,47,38,41,52,50,49,43,49,39,49,42,46,34,36,24,41,23,52,45,54,58,53,21,90,71,72,71,71,71,116,113,85,90,83,92,97,43,52,21,89,89,90,89,254,247,543,554,1231,1219,817,766,1529,1235,1101,749,687,583,2586,2441,12841,12794,11690,5310,29981,29982,29982,29983,29986,29987,29987,29988,29994,29995,29996,29997,29998,29999,29999]} 1. e4 c5 2. Nf3 g6 3. d4 cxd4 4. Nxd4 Nc6 5. Nc3 Bg7 6. Be3 Nf6 7. Bc4 Qa5 8. O-O O-O 9. Bb3 d6 10. h3 Bd7 11. Re1 Rfc8 {B35: Sicilian: Accelerated Dragon with 5 Nc3: main line} (11... Rac8 12. Qd2 Qa6 13. f4 Rfd8 14. Rad1 b5 15. Ndxb5 Nxe4 16. Qd5 Nf6 17. Qxf7+ Kh8 18. Qc4 Qb7 19. Qe2 Rf8 {½-½ (47) Sasikiran,K (2669)-Matlakov,M (2714) Khanty-Mansiysk 2017}) 12. Nd5 Qd8 {LiveBook: 7 Games} 13. Nf3 $146 ({Predecessor:} 13. Nxf6+ Bxf6 14. c3 Na5 15. Qe2 Nxb3 16. axb3 a6 17. Qd2 e5 18. Nf3 Be6 19. b4 {1-0 (44) Sengupta,D (2496)-Libiszewski,F (2495) Calvi 2010}) 13... Nxe4 {The position is equal.} 14. Ng5 {Nxf7! is the strong threat.} Nxg5 15. Bxg5 {[%cal Rd5e7]} Be6 {[#]} 16. Rxe6 $1 {[%mdl 512]} fxe6 17. Nf4 Nd4 18. Nxe6 Nxe6 19. Bxe6+ Kh8 20. Bxc8 Rxc8 21. c3 Qd7 22. Qd2 d5 23. Be3 b6 24. a4 Rc4 25. a5 b5 26. Re1 a6 27. Bh6 e6 (27... Qd6 $11 {remains equal.}) 28. Bxg7+ $16 Kxg7 {[%mdl 4096] Endgame KQR-KQR} 29. b3 Rc6 30. Re3 Qd6 31. Qd4+ Kg8 32. g3 Qc5 33. Qh4 Qd6 34. Qf6 ({White should play} 34. Kh2 $16) 34... Qf8 $14 35. Qg5 Qd6 (35... d4 $11 {keeps the balance.} 36. cxd4 Rc2) 36. h4 $16 d4 37. cxd4 Rc1+ $2 {[#]} (37... Qxd4 $16 38. Qe7 Qd5 39. Qe8+ Kg7 40. Qe7+ Kg8) 38. Kg2 $1 $18 Qc6+ $2 {[#]} (38... Qd5+ {is a better defense.} 39. Qxd5 exd5) 39. Rf3 $1 {Qd8+ would kill now.} Rg1+ 40. Kxg1 {White wants to mate with Qd8+.} Qxf3 {KQ-KQ} 41. Qd8+ Kf7 42. Qd7+ Kf6 43. Qe8 {[%cal Re8f8]} Kg7 44. Qxe6 Qd1+ 45. Kg2 Qxd4 46. Qxa6 Qd5+ 47. Kh2 Qxb3 48. Qb7+ {White mates.} Kh6 49. a6 Qa2 50. Kg2 Qd2 51. a7 Qc3 52. a8=Q Qf6 53. Qaa7 {[%csl Ga7][%cal Rb7h7]} Qh8 54. Qe3+ Kh5 55. Qg5# {Precision: White = 72%, Black = 31%.} 1-0